Statistics for Cities of Africa

Click here to take the quiz!

General Stats

  • This quiz has been taken 20 times
  • The average score is 3 of 6

Answer Stats

QuestionAnswer% Correct
Which of the following is not a capitalDar es Salaam
89%
What is the city with the largest population in Africa?Lagos
89%
Which of the following is southernmost?Johannesburg
74%
Which of the following is northernmost?Brazzaville
53%
Which city has the highest city proper population?Lagos
26%
Which was the first city to have 15 million people?Lagos
11%

Score Distribution

Percentile by Number Answered

Percent of People with Each Score

Your Score History

You have not taken this quiz